Score 0/38 Timer 08:00
0 Plays Today
Year Movie % Correct
2014The Drop
54.2%
1993True Romance
52%
2001The Mexican
51.2%
2013Enough Said
44.9%
2012Zero Dark Thirty
44.3%
2001The Last Castle
44.1%
1995Get Shorty
40.5%
2012Killing Them Softly
30.6%
2009In the Loop
28.5%
1995Crimson Tide
27.7%
2009Where the Wild Things Are
26.1%
2009The Taking of Pelham 123
24.1%
19998mm
24%
2001The Man Who Wasn't There
21.7%
2013The Incredible Burt Wonderstone
18.3%
2004Surviving Christmas
16%
1998Fallen
15.8%
2006All the King's Men
14.6%
1998A Civil Action
14.5%
Year Movie % Correct
2010Welcome to the Rileys
13.8%
2012Not Fade Away
13.5%
2005Romance & Cigarettes
13.4%
1996The Juror
13.2%
1994Angie
13.1%
2006Lonely Hearts
12.5%
1998The Mighty
12.3%
1997She's So Lovely
11.4%
1994Terminal Velocity
11%
2011Violet & Daisy
10.7%
1992A Stranger Among Us
10.4%
1996Night Falls On Manhattan
10.4%
2011Down the Shore
9.9%
1993Money For Nothing
9.8%
1993Italian Movie
9.7%
1993Mr. Wonderful
9.5%
1997Perdita Durango
8.4%
1994New World
8.2%
2005Stories of Lost Souls
6.9%
Remove Ads.
Support Sporcle.
Get the best of Sporcle when you Go Orange. This ad-free experience offers more features, more stats, and more fun while also helping to support Sporcle. Thank you for becoming a member.

You're not logged in!

Compare scores with friends on all Sporcle quizzes.
OR
Log In

Show Comments

Extras

Top Quizzes Today


Score Distribution

Your Account Isn't Verified!

In order to create a playlist on Sporcle, you need to verify the email address you used during registration. Go to your Sporcle Settings to finish the process.

Report this User

Report this user for behavior that violates our Community Guidelines.

Details: